000 00396nam a2200181Ia 4500
001 508
005 20260306140523.0
008 260306t1999||||xx |||||||||||||| ||spa||
041 _aESP
082 _a121.68
_bA72
100 _aAristóteles
_eAUT
245 0 _aArte poética :
_barte retórica
260 _c1999
300 _a
_c
650 _aGEN
654 _aCHU
942 _cLIB
_dJUS
_fJUS
_2ddc
_n
999 _c508
_d508